书目信息 |
| 题名: |
计算机公共基础教程上机指南及配套习题集
|
|
| 作者: | 王少波 主编 | |
| 分册: | ||
| 出版信息: | 北京 中国财政经济出版社 2007.03 |
|
| 页数: | 192页 | |
| 开本: | 23cm | |
| 丛书名: | 教育部高职高专规划教材配套辅导丛书 | |
| 单 册: | ||
| 中图分类: | TP3-44 | |
| 科图分类: | ||
| 主题词: | 计算机技术 | |
| 电子资源: | ||
| ISBN: | 978-7-5005-9507-6 | |
| 000 | 00765nam0 2200229 450 | |
| 001 | 0833854561 | |
| 005 | 20081205152839.66 | |
| 010 | @a978-7-5005-9507-6@dCNY15.00 | |
| 100 | @a20081205d2007 km y0chiy0120 ea | |
| 101 | 0 | @achi |
| 102 | @aCN@b110000 | |
| 200 | 1 | @a计算机公共基础教程上机指南及配套习题集@Aji suan ji gong gong ji chu jiao cheng shang ji zhi nan ji pei tao xi ti ji@f王少波主编@Fwang shao bo zhu bian |
| 205 | @a2版 | |
| 210 | @a北京@c中国财政经济出版社@d2007.03 | |
| 215 | @a192页@d23cm | |
| 225 | 2 | @a教育部高职高专规划教材配套辅导丛书 |
| 410 | 0 | @12001 @a教育部高职高专规划教材配套辅导丛书 |
| 606 | 0 | @a计算机技术 |
| 690 | @aTP3-44@v4 | |
| 701 | 0 | @a王少波@Awang shao bo@4主编 |
| 801 | 0 | @aCN@bNISOFT@c20081205 |
| 905 | @aBZT@dTP3-44@e11@f5 | |
| 计算机公共基础教程上机指南及配套习题集/王少波主编.-2版.-北京:中国财政经济出版社,2007.03 |
| 192页;23cm.-(教育部高职高专规划教材配套辅导丛书) |
| ISBN 978-7-5005-9507-6:CNY15.00 |
| ● |
| 相关链接 |
|
|
|
正题名:计算机公共基础教程上机指南及配套习题集
索取号:TP3-44/11
 
预约/预借
| 序号 | 登录号 | 条形码 | 馆藏地/架位号 | 状态 | 备注 |
| 1 | 0687612 | 2000687612 | 样本书库/样007架A面4层2列/ [索取号:TP3-44/11] | 在馆 | |
| 2 | 0687613 | 2000687613 | 中心书库中库/ 中库028架B面6列5层15/ [索取号:TP3-44/11] | 在馆 | |
| 3 | 0687614 | 2000687614 | 中心书库中库/ 中库028架B面6列5层18/ [索取号:TP3-44/11] | 在馆 | |
| 4 | 0687615 | 2000687615 | 中心书库中库/ 中库028架B面6列5层16/ [索取号:TP3-44/11] | 在馆 | |
| 5 | 0687616 | 2000687616 | 中心书库中库/ 中库028架B面6列5层17/ [索取号:TP3-44/11] | 在馆 |